[Event "European Youth Chess Championship B18"]
[Site "Prague, Top Hotel Prague"]
[Date "2012.08.19"]
[Round "3.1"]
[White "Nikologorskiy, Konstantin"]
[Black "Dragun, Kamil"]
[Result "1/2-1/2"]
[WhiteElo "2400"]
[BlackElo "2465"]
[PlyCount "0"]
[EventDate "2012.08.17"]

1. c4 {[%clk 1:30:56]} Nf6 {[%clk 1:30:55]} 2. Nc3 {[%clk 1:31:21]} e5
{[%clk 1:31:21]} 3. Nf3 {[%clk 1:31:26]} Nc6 {[%clk 1:31:44]} 4. g3
{[%clk 1:31:46]} Bb4 {[%clk 1:32:04]} 5. Bg2 {[%clk 1:31:56]} O-O
{[%clk 1:32:27]} 6. O-O {[%clk 1:32:21]} e4 {[%clk 1:32:51]} 7. Ng5
{[%clk 1:32:47]} Bxc3 {[%clk 1:33:15]} 8. bxc3 {[%clk 1:33:12]} Re8
{[%clk 1:33:39]} 9. f3 {[%clk 1:32:47]} e3 {[%clk 1:34:02]} 10. d4
{[%clk 1:20:29]} b6 {[%clk 1:34:20]} 11. Ne4 {[%clk 1:18:13]} Ba6
{[%clk 1:13:08]} 12. Bxe3 {[%clk 1:03:37]} Bxc4 {[%clk 1:12:31]} 13. Bd2
{[%clk 1:03:31]} d5 {[%clk 0:48:46]} 14. Nxf6+ {[%clk 1:03:55]} Qxf6
{[%clk 0:49:14]} 15. Rf2 {[%clk 1:02:19]} Qg6 {[%clk 0:48:09]} 16. Bf4
{[%clk 0:57:30]} Re7 {[%clk 0:47:08]} 17. e4 {[%clk 0:51:14]} f5 {[%clk 0:45:22]}
18. e5 {[%clk 0:47:30]} Nd8 {[%clk 0:44:46]} 19. Bc1 {[%clk 0:47:19]} Ne6
{[%clk 0:42:07]} 20. f4 {[%clk 0:47:12]} Rd7 {[%clk 0:39:40]} 21. Kh1
{[%clk 0:45:46]} c5 {[%clk 0:39:22]} 22. Bh3 {[%clk 0:43:26]} h5 {[%clk 0:35:31]}
23. a4 {[%clk 0:31:45]} Rc8 {[%clk 0:29:35]} 24. Qc2 {[%clk 0:29:08]} Rf7
{[%clk 0:28:09]} 25. Be3 {[%clk 0:27:19]} cxd4 {[%clk 0:28:31]} 26. cxd4
{[%clk 0:27:23]} Ba6 {[%clk 0:28:46]} 27. Qd2 {[%clk 0:22:42]} Rfc7
{[%clk 0:27:16]} 28. a5 {[%clk 0:22:20]} b5 {[%clk 0:13:22]} 29. Qd3
{[%clk 0:21:21]} Rf8 {[%clk 0:13:18]} 30. Bf1 {[%clk 0:19:51]} Qf7
{[%clk 0:12:08]} 31. Rc2 {[%clk 0:14:12]} Rxc2 {[%clk 0:11:13]} 32. Qxc2
{[%clk 0:14:40]} Rc8 {[%clk 0:11:36]} 33. Qb2 {[%clk 0:12:06]} Qd7
{[%clk 0:10:44]} 34. Rc1 {[%clk 0:11:00]} Rc4 {[%clk 0:10:46]} 35. Kg1
{[%clk 0:09:29]} Bb7 {[%clk 0:10:54]} 36. Bd3 {[%clk 0:07:38]} g6
{[%clk 0:10:24]} 37. h3 {[%clk 0:07:17]} Qc6 {[%clk 0:10:53]} 38. Kf2
{[%clk 0:05:22]} Kh7 {[%clk 0:06:49]} 39. g4 {[%clk 0:05:21]} Nc5
{[%clk 0:06:54]} 40. Bb1 {[%clk 0:32:16]} Ne4+ {[%clk 0:35:02]} 41. Bxe4
{[%clk 0:31:46]} dxe4 {[%clk 0:35:17]} 42. gxf5 {[%clk 0:31:50]} gxf5
{[%clk 0:35:39]} 1/2-1/2

[Event "European Youth Chess Championship B18"]
[Site "Prague, Top Hotel Prague"]
[Date "2012.08.19"]
[Round "3.2"]
[White "Moiseenko, Vadim"]
[Black "Sochacki, Christophe"]
[Result "1-0"]
[WhiteElo "2454"]
[BlackElo "2412"]
[PlyCount "0"]
[EventDate "2012.08.17"]

1. d4 {[%clk 1:30:54]} e6 {[%clk 1:30:34]} 2. Nf3 {[%clk 1:30:49]} c5
{[%clk 1:30:39]} 3. e3 {[%clk 1:31:07]} Nf6 {[%clk 1:29:30]} 4. Bd3
{[%clk 1:31:15]} Be7 {[%clk 1:25:35]} 5. O-O {[%clk 1:31:02]} b6 {[%clk 1:23:28]}
6. b3 {[%clk 1:28:04]} Bb7 {[%clk 1:23:27]} 7. Bb2 {[%clk 1:28:01]} Nc6
{[%clk 1:16:22]} 8. a3 {[%clk 1:27:40]} O-O {[%clk 1:15:16]} 9. Nbd2
{[%clk 1:27:02]} Qc7 {[%clk 1:14:04]} 10. Qe2 {[%clk 1:22:06]} h6
{[%clk 1:13:01]} 11. Rac1 {[%clk 1:12:34]} d6 {[%clk 0:57:18]} 12. c4
{[%clk 1:08:44]} a5 {[%clk 0:39:35]} 13. Bb1 {[%clk 1:04:39]} e5 {[%clk 0:35:58]}
14. d5 {[%clk 1:02:31]} Nb8 {[%clk 0:36:22]} 15. Qd3 {[%clk 1:01:06]} Bc8
{[%clk 0:06:49]} 16. Nh4 {[%clk 1:00:02]} g5 {[%clk 0:06:58]} 17. Ng6
{[%clk 0:55:36]} Rd8 {[%clk 0:02:58]} 18. f4 {[%clk 0:54:20]} 1-0

[Event "European Youth Chess Championship B18"]
[Site "Prague, Top Hotel Prague"]
[Date "2012.08.19"]
[Round "3.3"]
[White "Forcen Esteban, Daniel"]
[Black "Danilenko, Dmitriy"]
[Result "1/2-1/2"]
[WhiteElo "2440"]
[BlackElo "2395"]
[PlyCount "0"]
[EventDate "2012.08.17"]

1. e4 {[%clk 1:30:55]} c5 {[%clk 1:30:53]} 2. Nf3 {[%clk 1:31:21]} d6
{[%clk 1:31:19]} 3. c3 {[%clk 1:31:46]} Nf6 {[%clk 1:31:38]} 4. Bd3
{[%clk 1:32:11]} Nc6 {[%clk 1:30:19]} 5. Bc2 {[%clk 1:32:22]} Bg4
{[%clk 1:30:31]} 6. d3 {[%clk 1:31:53]} g6 {[%clk 1:30:00]} 7. Nbd2
{[%clk 1:32:19]} Bg7 {[%clk 1:30:19]} 8. h3 {[%clk 1:32:43]} Bd7 {[%clk 1:30:43]}
9. O-O {[%clk 1:32:39]} O-O {[%clk 1:31:08]} 10. Re1 {[%clk 1:33:04]} Rc8
{[%clk 1:22:01]} 11. Nf1 {[%clk 1:31:42]} b5 {[%clk 1:22:04]} 12. a3
{[%clk 1:15:35]} a5 {[%clk 1:15:13]} 13. d4 {[%clk 1:13:49]} cxd4
{[%clk 1:15:36]} 14. cxd4 {[%clk 1:14:14]} a4 {[%clk 1:12:03]} 15. Bd2
{[%clk 1:09:26]} Qb6 {[%clk 0:59:54]} 16. Bc3 {[%clk 1:06:44]} d5
{[%clk 0:55:46]} 17. e5 {[%clk 1:05:16]} Ne4 {[%clk 0:55:20]} 18. Bxe4
{[%clk 1:04:25]} dxe4 {[%clk 0:55:44]} 19. Rxe4 {[%clk 1:03:25]} Rfd8
{[%clk 0:50:15]} 20. Qe1 {[%clk 0:56:43]} Be6 {[%clk 0:45:50]} 21. Ne3
{[%clk 0:49:19]} Qb7 {[%clk 0:45:16]} 22. h4 {[%clk 0:38:40]} h6 {[%clk 0:40:25]}
23. Nd2 {[%clk 0:28:34]} Qb6 {[%clk 0:37:22]} 24. Nf3 {[%clk 0:29:02]} Qb7
{[%clk 0:37:36]} 25. h5 {[%clk 0:28:29]} g5 {[%clk 0:37:34]} 26. Nh2
{[%clk 0:28:22]} b4 {[%clk 0:31:32]} 27. axb4 {[%clk 0:27:37]} Nxb4
{[%clk 0:31:47]} 28. f3 {[%clk 0:28:00]} Nd3 {[%clk 0:32:02]} 29. Qd2
{[%clk 0:27:24]} Nc5 {[%clk 0:32:07]} 30. d5 {[%clk 0:22:48]} Bxd5
{[%clk 0:23:00]} 31. Rb4 {[%clk 0:22:49]} Qc6 {[%clk 0:23:21]} 32. Nxd5
{[%clk 0:22:39]} Rxd5 {[%clk 0:23:45]} 33. Qe3 {[%clk 0:22:28]} Rd3
{[%clk 0:22:47]} 34. Qe2 {[%clk 0:22:28]} Rcd8 {[%clk 0:23:09]} 35. Ng4
{[%clk 0:22:14]} Qe6 {[%clk 0:14:50]} 36. Qf2 {[%clk 0:19:15]} R3d5
{[%clk 0:14:02]} 37. Qe3 {[%clk 0:19:45]} Qd7 {[%clk 0:10:24]} 38. Kh2
{[%clk 0:18:22]} Qc7 {[%clk 0:07:25]} 39. Kh3 {[%clk 0:12:23]} Qd7
{[%clk 0:02:22]} 40. Rc4 {[%clk 0:31:58]} Qb5 {[%clk 0:32:41]} 41. Rb4
{[%clk 0:32:27]} Qd7 {[%clk 0:25:06]} 42. Rc4 {[%clk 0:27:51]} Qb5
{[%clk 0:25:20]} 43. Rb4 {[%clk 0:16:08]} Qd7 {[%clk 0:25:41]} 1/2-1/2

[Event "European Youth Chess Championship B18"]
[Site "Prague, Top Hotel Prague"]
[Date "2012.08.19"]
[Round "3.4"]
[White "Blazeka, Matej"]
[Black "Mammadov, Zaur"]
[Result "0-1"]
[WhiteElo "2245"]
[BlackElo "2431"]
[PlyCount "0"]
[EventDate "2012.08.17"]

1. e4 {[%clk 1:30:56]} c6 {[%clk 1:30:48]} 2. d4 {[%clk 1:31:19]} d5
{[%clk 1:31:17]} 3. Nc3 {[%clk 1:31:40]} dxe4 {[%clk 1:31:42]} 4. Nxe4
{[%clk 1:32:06]} Nf6 {[%clk 1:31:49]} 5. Nxf6+ {[%clk 1:31:46]} exf6
{[%clk 1:31:37]} 6. c3 {[%clk 1:31:57]} Bd6 {[%clk 1:32:03]} 7. Bd3
{[%clk 1:31:45]} O-O {[%clk 1:32:30]} 8. Ne2 {[%clk 1:31:56]} Qc7
{[%clk 1:32:56]} 9. Qc2 {[%clk 1:28:44]} h6 {[%clk 1:33:09]} 10. Be3
{[%clk 1:27:46]} Re8 {[%clk 1:33:24]} 11. O-O-O {[%clk 1:26:44]} Be6
{[%clk 1:33:39]} 12. Kb1 {[%clk 1:23:48]} b5 {[%clk 1:34:08]} 13. Qd2
{[%clk 1:22:10]} Nd7 {[%clk 1:29:51]} 14. Nf4 {[%clk 1:10:53]} Bxf4
{[%clk 1:29:42]} 15. Bxf4 {[%clk 1:11:14]} Qa5 {[%clk 1:30:12]} 16. b3
{[%clk 1:10:30]} Nb6 {[%clk 1:29:24]} 17. Qc2 {[%clk 0:46:38]} Qa3
{[%clk 1:27:10]} 18. Rhg1 {[%clk 0:41:23]} Nd5 {[%clk 1:23:36]} 19. Bd2
{[%clk 0:38:28]} Rab8 {[%clk 1:20:21]} 20. Rge1 {[%clk 0:29:17]} c5
{[%clk 1:19:54]} 21. Qb2 {[%clk 0:27:45]} Qa6 {[%clk 1:06:19]} 22. dxc5
{[%clk 0:28:02]} Qc6 {[%clk 1:06:49]} 23. b4 {[%clk 0:27:35]} a5 {[%clk 1:07:12]}
24. Bc2 {[%clk 0:18:29]} Ra8 {[%clk 1:04:06]} 25. Bb3 {[%clk 0:16:25]} Ra7
{[%clk 1:04:27]} 26. Re2 {[%clk 0:14:22]} Bf5+ {[%clk 1:04:43]} 0-1

[Event "European Youth Chess Championship B18"]
[Site "Prague, Top Hotel Prague"]
[Date "2012.08.19"]
[Round "3.5"]
[White "Pardo Simon, David"]
[Black "Tomazini, Zan"]
[Result "1/2-1/2"]
[WhiteElo "2430"]
[BlackElo "2345"]
[PlyCount "0"]
[EventDate "2012.08.17"]

1. e4 {[%clk 1:30:56]} e5 {[%clk 1:30:52]} 2. Nf3 {[%clk 1:31:09]} Nc6
{[%clk 1:31:16]} 3. Bb5 {[%clk 1:31:11]} a6 {[%clk 1:30:22]} 4. Ba4
{[%clk 1:31:18]} g6 {[%clk 1:29:44]} 5. d4 {[%clk 1:30:17]} exd4 {[%clk 1:29:25]}
6. c3 Bg7 {[%clk 1:29:03]} 7. cxd4 {[%clk 1:21:00]} b5 {[%clk 1:29:23]} 8. Bb3
{[%clk 1:20:10]} Nge7 {[%clk 1:29:40]} 9. h4 {[%clk 1:07:30]} h6 {[%clk 1:14:02]}
10. Nc3 {[%clk 0:51:58]} Na5 {[%clk 1:04:32]} 11. Bc2 {[%clk 0:48:01]} d6
{[%clk 1:03:54]} 12. Bf4 {[%clk 0:36:38]} Bg4 {[%clk 0:59:22]} 13. Ne2
{[%clk 0:36:40]} O-O {[%clk 0:49:12]} 14. Qc1 {[%clk 0:30:27]} Bxf3
{[%clk 0:39:54]} 15. gxf3 {[%clk 0:30:24]} h5 {[%clk 0:36:28]} 16. Bh6
{[%clk 0:29:57]} c5 {[%clk 0:35:00]} 17. Bxg7 {[%clk 0:28:33]} Kxg7
{[%clk 0:35:24]} 18. d5 {[%clk 0:27:50]} Nc4 {[%clk 0:32:18]} 19. Kf1
{[%clk 0:28:08]} Ng8 {[%clk 0:30:03]} 20. b3 {[%clk 0:26:53]} Nb6
{[%clk 0:26:25]} 21. Qe3 {[%clk 0:21:53]} Qf6 {[%clk 0:26:08]} 22. Rd1
{[%clk 0:22:20]} Rfe8 {[%clk 0:25:18]} 23. Ng3 {[%clk 0:22:05]} Qb2
{[%clk 0:21:52]} 24. Bb1 {[%clk 0:22:06]} Kf8 {[%clk 0:16:33]} 25. Kg2
{[%clk 0:20:43]} a5 {[%clk 0:16:32]} 26. f4 {[%clk 0:19:20]} a4 {[%clk 0:16:22]}
27. Rd2 {[%clk 0:16:28]} Qg7 {[%clk 0:16:09]} 28. e5 {[%clk 0:13:48]} axb3
{[%clk 0:14:48]} 29. Qxb3 {[%clk 0:12:59]} b4 {[%clk 0:09:33]} 30. Ne4
{[%clk 0:13:12]} Qh6 {[%clk 0:08:05]} 31. Ng5 {[%clk 0:08:55]} Ra3
{[%clk 0:07:27]} 32. Qc2 {[%clk 0:09:24]} Rc3 {[%clk 0:06:36]} 33. Qd1
{[%clk 0:08:16]} dxe5 {[%clk 0:05:13]} 34. d6 {[%clk 0:08:10]} Nd7
{[%clk 0:04:04]} 35. Re1 {[%clk 0:08:10]} Rc4 {[%clk 0:01:53]} 36. Qb3
{[%clk 0:07:46]} Rxf4 {[%clk 0:02:14]} 37. Be4 {[%clk 0:05:14]} Rg4+
{[%clk 0:01:22]} 38. Kf1 {[%clk 0:05:43]} Rxg5 {[%clk 0:01:29]} 39. hxg5
{[%clk 0:06:12]} Qxg5 {[%clk 0:01:53]} 40. Rd3 {[%clk 0:35:50]} Ngf6
{[%clk 0:30:53]} 41. Bc6 {[%clk 0:34:04]} e4 {[%clk 0:23:58]} 42. Rde3
{[%clk 0:33:24]} Qf5 {[%clk 0:22:18]} 43. Qc2 {[%clk 0:33:29]} Re6
{[%clk 0:16:31]} 44. Bxd7 {[%clk 0:25:58]} Nxd7 {[%clk 0:16:56]} 45. Rxe4
{[%clk 0:26:19]} h4 {[%clk 0:10:57]} 46. Qb2 1/2-1/2

[Event "European Youth Chess Championship B18"]
[Site "Prague, Top Hotel Prague"]
[Date "2012.08.19"]
[Round "3.7"]
[White "Givon, Asaf"]
[Black "Sadzikowski, Daniel"]
[Result "1/2-1/2"]
[WhiteElo "2340"]
[BlackElo "2444"]
[PlyCount "0"]
[EventDate "2012.08.17"]

1. e4 {[%clk 1:30:56]} c5 {[%clk 1:30:49]} 2. Nf3 {[%clk 1:31:11]} d6
{[%clk 1:31:12]} 3. d4 {[%clk 1:31:23]} cxd4 {[%clk 1:31:37]} 4. Nxd4
{[%clk 1:31:48]} Nf6 {[%clk 1:31:56]} 5. Nc3 {[%clk 1:32:06]} a6 {[%clk 1:32:21]}
6. Be2 {[%clk 1:31:44]} e5 {[%clk 1:31:30]} 7. Nb3 {[%clk 1:32:00]} Be7
{[%clk 1:31:51]} 8. O-O {[%clk 1:32:16]} Be6 {[%clk 1:31:45]} 9. f4
{[%clk 1:31:45]} exf4 {[%clk 1:32:03]} 10. Bxf4 {[%clk 1:31:24]} Nc6
{[%clk 1:32:10]} 11. Kh1 {[%clk 1:28:17]} O-O {[%clk 1:32:20]} 12. Qe1
{[%clk 1:28:17]} Ne8 {[%clk 1:31:55]} 13. Nd5 {[%clk 1:24:03]} Bg5
{[%clk 1:30:35]} 14. Qg3 {[%clk 1:10:46]} Bxf4 {[%clk 1:29:36]} 15. Qxf4
{[%clk 1:11:07]} a5 {[%clk 1:13:41]} 16. a4 {[%clk 1:00:17]} Bxd5
{[%clk 1:07:20]} 17. exd5 {[%clk 1:00:29]} Ne5 {[%clk 1:07:30]} 18. Qd4
{[%clk 0:48:17]} Nf6 {[%clk 0:58:35]} 19. Bb5 {[%clk 0:47:18]} Rc8
{[%clk 0:55:41]} 20. c3 {[%clk 0:46:45]} Nfd7 {[%clk 0:51:26]} 21. Nd2
{[%clk 0:42:39]} f5 {[%clk 0:48:50]} 22. b4 {[%clk 0:37:39]} Qb6 {[%clk 0:32:55]}
23. Nb3 {[%clk 0:33:55]} axb4 {[%clk 0:29:19]} 24. cxb4 {[%clk 0:34:05]} g6
{[%clk 0:28:23]} 25. Bxd7 {[%clk 0:14:46]} Nxd7 {[%clk 0:28:13]} 26. Rac1
{[%clk 0:15:05]} Qxd4 {[%clk 0:26:25]} 27. Nxd4 {[%clk 0:15:33]} Nb6
{[%clk 0:26:34]} 28. Nb5 {[%clk 0:15:33]} Rcd8 {[%clk 0:23:37]} 29. Nc7
{[%clk 0:12:29]} Rd7 {[%clk 0:09:31]} 30. a5 {[%clk 0:12:23]} Nc8
{[%clk 0:06:23]} 31. b5 {[%clk 0:05:34]} b6 {[%clk 0:06:51]} 32. Ne6 Re8
{[%clk 0:07:18]} 33. Nc7 {[%clk 0:03:18]} Rf8 {[%clk 0:07:27]} 34. Ne6
{[%clk 0:03:44]} Re8 {[%clk 0:07:54]} 35. Nc7 {[%clk 0:01:21]} 1/2-1/2

[Event "European Youth Chess Championship B18"]
[Site "Prague, Top Hotel Prague"]
[Date "2012.08.19"]
[Round "3.9"]
[White "Moussard, Jules"]
[Black "Ostovic, Matija"]
[Result "1-0"]
[WhiteElo "2429"]
[BlackElo "2290"]
[PlyCount "0"]
[EventDate "2012.08.17"]

1. d4 {[%clk 1:30:49]} d6 {[%clk 1:30:18]} 2. Nf3 {[%clk 1:30:57]} Nd7
{[%clk 1:29:09]} 3. c4 {[%clk 1:29:19]} e5 {[%clk 1:29:03]} 4. Nc3
{[%clk 1:28:48]} Ngf6 {[%clk 1:29:20]} 5. e4 {[%clk 1:28:59]} Be7
{[%clk 1:29:34]} 6. Be2 {[%clk 1:28:03]} O-O {[%clk 1:29:27]} 7. O-O
{[%clk 1:28:27]} c6 {[%clk 1:29:43]} 8. Be3 {[%clk 1:27:31]} Re8 {[%clk 1:28:31]}
9. d5 {[%clk 1:26:58]} a5 {[%clk 1:25:09]} 10. dxc6 {[%clk 1:15:38]} bxc6
{[%clk 1:25:32]} 11. c5 {[%clk 1:15:20]} Nxc5 {[%clk 1:13:39]} 12. Bxc5
{[%clk 1:15:19]} dxc5 {[%clk 1:14:04]} 13. Nxe5 {[%clk 1:14:06]} Qc7
{[%clk 1:13:51]} 14. Nf3 {[%clk 1:09:15]} Bd6 {[%clk 1:05:54]} 15. Qc2
{[%clk 1:08:12]} Rb8 {[%clk 1:01:05]} 16. h3 {[%clk 1:03:06]} Nh5
{[%clk 0:57:21]} 17. Rfe1 {[%clk 0:56:13]} Re6 {[%clk 0:47:00]} 18. e5
{[%clk 0:51:40]} Bxe5 {[%clk 0:39:16]} 19. Bc4 {[%clk 0:51:22]} Re7
{[%clk 0:38:38]} 20. Rad1 {[%clk 0:28:53]} Bf6 {[%clk 0:33:58]} 21. Ne4
{[%clk 0:27:16]} h6 {[%clk 0:31:09]} 22. b3 {[%clk 0:25:52]} Bd4 {[%clk 0:27:34]}
23. Nxd4 {[%clk 0:20:21]} cxd4 {[%clk 0:27:58]} 24. Rxd4 {[%clk 0:19:25]} Bb7
{[%clk 0:27:08]} 25. Re3 {[%clk 0:15:53]} Rd8 {[%clk 0:16:56]} 26. Qd1
{[%clk 0:11:23]} Rxd4 {[%clk 0:16:58]} 27. Qxd4 {[%clk 0:11:49]} Rd7
{[%clk 0:17:13]} 28. Qc3 {[%clk 0:06:18]} Rd1+ {[%clk 0:15:38]} 29. Re1
{[%clk 0:06:41]} Rxe1+ {[%clk 0:15:59]} 30. Qxe1 {[%clk 0:07:07]} Qe5
{[%clk 0:15:48]} 31. Qd1 {[%clk 0:07:06]} Nf6 {[%clk 0:04:17]} 32. Qd8+
{[%clk 0:06:42]} Kh7 {[%clk 0:04:41]} 33. Nxf6+ {[%clk 0:07:02]} gxf6
{[%clk 0:04:52]} 34. Qd7 {[%clk 0:07:11]} 1-0

[Event "European Youth Chess Championship B18"]
[Site "Prague, Top Hotel Prague"]
[Date "2012.08.19"]
[Round "3.10"]
[White "Tilicheev, Viacheslav"]
[Black "Gaehwiler, Gabriel"]
[Result "1/2-1/2"]
[WhiteElo "2416"]
[BlackElo "2267"]
[PlyCount "0"]
[EventDate "2012.08.17"]

1. e4 {[%clk 1:30:51]} c5 {[%clk 1:30:54]} 2. Nf3 {[%clk 1:31:17]} d6
{[%clk 1:31:18]} 3. d4 {[%clk 1:31:35]} cxd4 {[%clk 1:31:44]} 4. Nxd4
{[%clk 1:32:00]} Nf6 {[%clk 1:32:09]} 5. Nc3 {[%clk 1:32:25]} a6 {[%clk 1:32:34]}
6. Bg5 {[%clk 1:32:50]} Nbd7 {[%clk 1:32:58]} 7. f4 {[%clk 1:33:06]} Qc7
{[%clk 1:33:24]} 8. Qf3 {[%clk 1:33:31]} h6 {[%clk 1:33:50]} 9. Bxf6
{[%clk 1:33:57]} Nxf6 {[%clk 1:34:15]} 10. f5 {[%clk 1:34:23]} Qc5
{[%clk 1:34:40]} 11. O-O-O {[%clk 1:34:47]} g5 {[%clk 1:35:06]} 12. e5
{[%clk 1:35:14]} Qxe5 {[%clk 1:26:47]} 13. g3 {[%clk 1:35:42]} g4
{[%clk 1:13:22]} 14. Qd3 {[%clk 1:35:29]} h5 {[%clk 0:58:38]} 15. Bg2
{[%clk 1:32:31]} Bh6+ {[%clk 0:55:30]} 16. Kb1 {[%clk 1:32:55]} Be3
{[%clk 0:42:57]} 17. Nc6 {[%clk 1:23:14]} bxc6 {[%clk 0:42:55]} 18. Bxc6+
{[%clk 1:23:39]} Kf8 {[%clk 0:43:11]} 19. Bxa8 {[%clk 1:23:26]} Bxf5
{[%clk 0:43:20]} 20. Qxa6 {[%clk 1:22:23]} Kg7 {[%clk 0:42:49]} 21. Bd5
{[%clk 1:21:19]} Rc8 {[%clk 0:20:00]} 22. Bc4 {[%clk 1:08:53]} d5
{[%clk 0:19:24]} 23. Bd3 {[%clk 1:06:18]} Rb8 {[%clk 0:16:19]} 24. Qa3
{[%clk 1:04:30]} d4 {[%clk 0:15:10]} 25. Ne2 {[%clk 1:04:04]} Be6
{[%clk 0:09:23]} 26. Nf4 {[%clk 1:00:08]} Bxf4 {[%clk 0:06:26]} 27. gxf4
{[%clk 1:00:27]} Qxf4 {[%clk 0:06:52]} 28. Qxe7 {[%clk 0:58:23]} Nd5
{[%clk 0:07:10]} 29. Qa7 {[%clk 0:58:36]} Nc3+ {[%clk 0:07:15]} 30. Ka1
{[%clk 0:59:03]} Nxd1 {[%clk 0:05:59]} 31. Rxd1 {[%clk 0:59:22]} Rd8
{[%clk 0:04:28]} 32. Rf1 {[%clk 0:59:32]} Qd6 {[%clk 0:04:12]} 33. b3
{[%clk 0:58:39]} Rd7 {[%clk 0:04:04]} 34. Qa5 {[%clk 0:58:06]} Qd5
{[%clk 0:04:12]} 35. Qe1 {[%clk 0:57:52]} Ra7 {[%clk 0:03:21]} 36. Qf2
{[%clk 0:58:12]} Qe5 {[%clk 0:03:27]} 37. Re1 {[%clk 0:57:29]} Qc5
{[%clk 0:03:32]} 38. c4 {[%clk 0:55:48]} Qa5 {[%clk 0:02:41]} 39. b4
{[%clk 0:53:51]} Qa3 {[%clk 0:01:40]} 40. Qxd4+ {[%clk 1:23:38]} Kg8
{[%clk 0:30:44]} 41. Qd8+ {[%clk 1:19:06]} 1/2-1/2

[Event "European Youth Chess Championship B18"]
[Site "Prague, Top Hotel Prague"]
[Date "2012.08.19"]
[Round "3.11"]
[White "Horvath, David"]
[Black "Pagerka, Martin"]
[Result "1/2-1/2"]
[WhiteElo "2376"]
[BlackElo "2258"]
[PlyCount "107"]
[EventDate "2012.08.17"]

1. c4 c5 2. Nc3 Nc6 3. g3 g6 4. Bg2 Bg7 5. Nf3 e5 6. d3 Nge7 7. O-O O-O 8. a3
d6 9. Rb1 Be6 10. Ng5 Bc8 11. b4 f5 12. Na4 h6 13. Nf3 cxb4 14. axb4 a6 15. Be3
f4 16. Bb6 Qe8 17. Bc7 Qd7 18. Nb6 Qxc7 19. Nxa8 Qd8 20. c5 d5 21. Nb6 Be6 22.
e4 g5 23. exd5 Nxd5 24. Nxd5 Bxd5 25. h3 Qd7 26. Qe2 Kh8 27. Kh2 g4 28. hxg4
Qxg4 29. b5 axb5 30. Rxb5 Rf5 31. Rxb7 Rh5+ 32. Kg1 Bf8 33. Ng5 Qxg5 34. Bxd5
fxg3 35. Bg2 Bxc5 36. Qe4 gxf2+ 37. Rxf2 Qc1+ 38. Bf1 Bxf2+ 39. Kxf2 Qc5+ 40.
Ke1 Ne7 41. d4 Qc1+ 42. Ke2 Qc4+ 43. Ke1 Qc3+ 44. Ke2 Rf5 45. Rxe7 Qb2+ 46. Kd3
Qb1+ 47. Ke3 Qe1+ 48. Kd3 Qxf1+ 49. Kc3 Qa1+ 50. Kb3 Qd1+ 51. Kb4 Qxd4+ 52.
Qxd4 exd4 53. Kc4 Rf4 54. Rd7 1/2-1/2

[Event "European Youth Chess Championship B18"]
[Site "Prague, Top Hotel Prague"]
[Date "2012.08.19"]
[Round "3.12"]
[White "Handler, Lukas"]
[Black "Aperia, Jakob"]
[Result "1-0"]
[WhiteElo "2368"]
[BlackElo "2098"]
[PlyCount "109"]
[EventDate "2012.08.17"]

1. d4 d5 2. c4 c6 3. Nf3 Nf6 4. Nc3 a6 5. c5 Nbd7 6. Bf4 Nh5 7. Bd2 Nhf6 8. Bf4
Nh5 9. e3 Nxf4 10. exf4 Qc7 11. g3 g6 12. Bd3 Bg7 13. O-O O-O 14. Qc2 b6 15. b4
a5 16. a3 Ba6 17. b5 Bb7 18. Na4 bxc5 19. Nxc5 cxb5 20. Rab1 Nxc5 21. Qxc5 Qxc5
22. dxc5 Rfc8 23. Rfc1 b4 24. axb4 axb4 25. Rxb4 Ba6 26. Bxa6 Rxa6 27. Rb7 Rac6
28. Rxe7 Rxc5 29. Rxc5 Rxc5 30. Re8+ Bf8 31. Rd8 f6 32. Nd4 Rc1+ 33. Kg2 Kf7
34. Rxd5 Rc5 35. Rd7+ Be7 36. Kf3 Ke8 37. Rb7 Rc4 38. Ke4 Bc5 39. Kd5 Rb4 40.
Rxb4 Bxb4 41. f5 Kf7 42. f3 Be1 43. g4 g5 44. Kd6 Bd2 45. Kd7 Bf4 46. h3 Bd2
47. Nb5 Bc1 48. Nd6+ Kf8 49. Ke6 Bb2 50. Ne4 Kg7 51. Ng3 Kh6 52. Kf7 Be5 53.
Ne4 Bd4 54. Nd6 Be5 55. Nc8 1-0

[Event "European Youth Chess Championship B18"]
[Site "Prague, Top Hotel Prague"]
[Date "2012.08.19"]
[Round "3.13"]
[White "Rubes, Jan"]
[Black "Savitskiy, Sergey"]
[Result "1/2-1/2"]
[WhiteElo "2097"]
[BlackElo "2368"]
[PlyCount "101"]
[EventDate "2012.08.17"]

1. e4 c5 2. Nf3 d6 3. d4 cxd4 4. Nxd4 Nf6 5. Nc3 a6 6. f4 Qc7 7. Bd3 g6 8. Nf3
Nbd7 9. O-O Bg7 10. Kh1 O-O 11. Qe1 Nc5 12. Qh4 Bg4 13. Be3 Rfd8 14. Bd4 Bxf3
15. Rxf3 d5 16. e5 Nfe4 17. Rh3 h6 18. Bxe4 dxe4 19. Qf2 Rac8 20. b4 Ne6 21.
Bb6 Qc4 22. Bxd8 Rxd8 23. Rd1 Rxd1+ 24. Nxd1 Qxa2 25. Re3 Qb1 26. Qd2 Nxf4 27.
Rxe4 g5 28. Re1 Qa2 29. Nf2 Qe6 30. Qd8+ Kh7 31. Nd3 Ng6 32. Qc7 b6 33. Qb7 Qc4
34. Qxb6 Qxc2 35. Qe3 e6 36. Qe4 Qc7 37. h3 Qb8 38. Nc5 Qb5 39. Qb7 Nxe5 40.
Qxb5 axb5 41. Rd1 Nc6 42. Na6 Bf8 43. Rd7 Kg6 44. Rb7 Nxb4 45. Nc7 Bd6 46. Nxb5
Be5 47. Na3 Nd5 48. Nc4 Bf4 49. Kg1 h5 50. Kf2 h4 51. Nb2 1/2-1/2

[Event "European Youth Chess Championship B18"]
[Site "Prague, Top Hotel Prague"]
[Date "2012.08.19"]
[Round "3.14"]
[White "Franklin, Samuel G A"]
[Black "Shahinyan, David"]
[Result "1-0"]
[WhiteElo "2264"]
[BlackElo "2351"]
[PlyCount "67"]
[EventDate "2012.08.17"]

1. e4 e6 2. d4 d5 3. Nc3 Bb4 4. e5 c5 5. a3 Bxc3+ 6. bxc3 Qc7 7. Qg4 f5 8. Qg3
Nc6 9. Nf3 cxd4 10. cxd4 Nge7 11. Be2 O-O 12. O-O Bd7 13. Qh4 h6 14. a4 f4 15.
Qg4 Nf5 16. Bxf4 Ncxd4 17. Nxd4 Nxd4 18. Bd3 Nf5 19. Rfe1 Kh8 20. Qg6 Qc8 21.
Bxf5 Rxf5 22. Bxh6 gxh6 23. Qxh6+ Kg8 24. Ra3 Kf7 25. Qh7+ Ke8 26. Rg3 Qc5 27.
Ree3 Kd8 28. Rg7 Qc6 29. Qh4+ Kc8 30. Rg8+ Kc7 31. Rxa8 Kb6 32. Qd4+ Qc5 33.
Rb3+ Kc6 34. Rc3 1-0

[Event "European Youth Chess Championship B18"]
[Site "Prague, Top Hotel Prague"]
[Date "2012.08.19"]
[Round "3.16"]
[White "Anton Guijarro, David"]
[Black "Sofranov, Velizar"]
[Result "1-0"]
[WhiteElo "2526"]
[BlackElo "2218"]
[PlyCount "53"]
[EventDate "2012.08.17"]

1. Nf3 d5 2. d4 Nf6 3. c4 c6 4. e3 e6 5. b3 c5 6. cxd5 Nxd5 7. Bb5+ Bd7 8.
Bxd7+ Nxd7 9. e4 N5f6 10. e5 Nd5 11. O-O Be7 12. Bb2 O-O 13. Nbd2 cxd4 14. Bxd4
Nc5 15. Nc4 b5 16. Ne3 a6 17. Bxc5 Bxc5 18. Nxd5 Qxd5 19. Qxd5 exd5 20. Rfd1
Rfd8 21. Rac1 Rac8 22. Kf1 Kf8 23. Ke2 Ke7 24. Rc2 Bb4 25. Rdc1 Rxc2+ 26. Rxc2
f6 27. Nd4 1-0